| 000 | 00945nam0a22002651 4500 | ||
|---|---|---|---|
| 001 | v19\rc\1749712 | ||
| 005 | 20250619061956.0 | ||
| 035 | _a(NLR Aleph) 004854198 | ||
| 090 |
_a4949737 _c4949737 |
||
| 100 | _a20061204d1902 |||y0rusy50 ca | ||
| 101 | 0 | _arus | |
| 102 | _aRU | ||
| 105 | _ay z ||||| | ||
| 200 | 1 |
_aОбщая толока в Югозападном крае _e(По поводу минист. проекта разверстания) _fИ. Ракович, каменец. уезд. предводитель дворянства |
|
| 210 |
_aКаменец-Подольск _cтипо-лит. Л. Ландвигера _d1902 |
||
| 215 |
_a44 с. _d23 |
||
| 700 | 1 |
_aРакович _bИ.Е. _gИван Егорович |
|
| 801 | 0 |
_aRU _bNLR _gpsbo |
|
| 801 | 0 |
_aRU _bRuMoRGB _2psbo |
|
| 801 | 1 |
_aRU _bProSoft-M _2rusmarc |
|
| 852 |
_aNLR _j34.84.8.1308 |
||
| 899 |
_aRuMoRGB _jF 54/342 |
||
| 899 | _aБАН | ||
| 942 | _cBOOK | ||
| 980 | _aNB | ||